|
|
|
|
| LEADER |
00000nam a2200000 a 4500 |
| 001 |
vtls001252614 |
| 003 |
SK-MaSNL |
| 005 |
20260302032124.0 |
| 008 |
250414s1988 xo 0 slo |
| 035 |
|
|
|a SNK000203433
|
| 040 |
|
|
|a SNK
|b slo
|c SNK
|e AACR2
|
| 041 |
0 |
|
|a slo
|
| 044 |
|
|
|a xo
|c SK
|
| 080 |
|
|
|a 69.024(084.121+072)
|2 1981
|
| 080 |
|
|
|a 072)
|2 1981
|
| 100 |
1 |
|
|a Sekáčová, M.
|4 aut
|9 680711
|
| 245 |
1 |
0 |
|a Konštrukcie zastrešenia 1
|h Audiozáznam
|b Sprievodný text k súboru priesvitiek
|c M. Sekáčová ; Magda Sekáčová
|
| 250 |
|
|
|a 1. vyd.
|
| 260 |
|
|
|a Banská Bystrica,
|b Učebné pomôcky, n.p.
|c 1988.
|
| 300 |
|
|
|a 14 l.+13 s. text.
|
| 500 |
|
|
|a Priesvitky. Učeb. pom. pre SPŠ, G, SOU.
|
| 650 |
0 |
7 |
|a [UCP]
|2 SNK
|9 284810
|
| 700 |
1 |
|
|a Sekáčová, Magda
|4 aut
|9 680712
|
| 852 |
|
|
|a Slovenská národná knižnica
|
| 954 |
|
|
|a stavebníctvo
|a konštrukcia striech
|
| 958 |
|
|
|a TL
|
| 958 |
|
|
|a OND
|
| 999 |
|
|
|c 1055095
|d 1057025
|
| 952 |
|
|
|t P60, <04>, [BOOK], {604}
|a SNK
|b SNK
|y NEVYP
|7 0
|p 17A0021402
|o snkSUPB 50 D1
|0 0
|1 1
|4 0
|d 1996-11-09
|l 0
|r 2005-01-01 00:00:00
|w 2026-02-24
|
| 952 |
|
|
|t P60, <03>, [BOOK], {603}
|a SNK
|b SNK
|y PREZ
|7 0
|p 17A0107561
|o snkSUPB 50
|0 0
|1 0
|4 0
|d 1997-11-10
|l 0
|r 2005-01-01 00:00:00
|w 2026-02-24
|